000 00361nam a2200133Ia 4500
003 GCL
008 140319s9999 xx 000 0 ara d
040 _aGCL /
_cGCL
082 0 4 _aد
_b050
100 1 _aبنت الشاطى
245 1 0 _aمع المصطفى فى عصر المبعث (اقرا 323 ) /
_cبنت الشاطى
300 _a240
490 _aاقرأ
_v0
999 _c48556
_d48556